| Tag |
First Indicator |
Second Indicator |
Subfields |
| LEADER |
00000nam a2200000 4500 |
| 001 |
in00004197839 |
| 005 |
20200806084049.0 |
| 006 |
m g d |
| 007 |
cr bn |||a|bb| |
| 008 |
920217s1640 enk o 00 eng d |
| 035 |
|
|
|a (UnM)99891860
|
| 037 |
|
|
|a CL2105000001
|b ProQuest Information and Learning. 300 N. Zeeb Rd., Ann Arbor, MI 48106
|
| 040 |
|
|
|a Cu-RivES
|c Cu-RivES
|d Uk-ES
|d CStRLIN
|d Cu-RivES
|e dcrb
|
| 245 |
0 |
0 |
|a To the honourable the house of commons novv assembled in Parliament. The humble remonstrance of the grievances of all his majesties posts of England, :
|b together with carryers, waggoners, and others, miserably sustained by the unlawfull projects of Thomas Witherings, sometimes mercer of London.
|
| 246 |
3 |
0 |
|a Humble remonstrance of the grievances of all his majesties posts of England
|
| 260 |
|
|
|a [London :
|b s.n,
|c 1640]
|
| 300 |
|
|
|a 1 online resource (1 sheet ([1] pages).
|
| 336 |
|
|
|a text
|b txt
|2 rdacontent
|
| 337 |
|
|
|a computer
|b c
|2 rdamedia
|
| 338 |
|
|
|a online resource
|b cr
|2 rdacarrier
|
| 500 |
|
|
|a Place of publication and publication date from STC; a reply is dated 1642? by Wing (compare Wing F2276).
|
| 500 |
|
|
|a Formerly STC 7753.
|
| 500 |
|
|
|a Identified as STC 7753 on UMI microfilm Early English books, reel 1270.
|
| 500 |
|
|
|a Reproduction of original in the British Library.
|
| 510 |
4 |
|
|a STC (2nd edition)
|c 25930.5
|
| 510 |
4 |
|
|a Early English books tract supplement interim guide
|c C.112.h.4[75]
|
| 533 |
|
|
|a Electronic reproduction.
|b Ann Arbor, Mich. :
|c UMI,
|d 1999-
|f (Early English books online)
|n Digital version of: (Early English books; Tract supplement ; C5:1[75])
|7 s1999 miun s
|
| 600 |
1 |
0 |
|a Witherings, Thomas,
|d d. 1651
|v Early works to 1800.
|
| 610 |
1 |
0 |
|a England and Wales.
|b Parliament.
|b House of Commons
|v Early works to 1800.
|
| 650 |
|
0 |
|a Postal service
|y Great Britain
|v Early works to 1800.
|
| 830 |
|
0 |
|a Early English books online.
|
| 856 |
4 |
0 |
|u http://proxy.library.tamu.edu/login?url=https://search.proquest.com/docview/2240909694
|z Connect to the full text of this electronic book
|t 0
|
| 999 |
f |
f |
|s 012a02c5-5c30-3a82-b926-7e4de657cdb4
|i 660af56e-711b-3331-88dd-26984bc59be9
|t 0
|
| 952 |
f |
f |
|a Texas A&M University
|b College Station
|c Electronic Resources
|d Available Online
|t 0
|h No information provided
|
| 998 |
f |
f |
|t 0
|l Available Online
|